000 00255nam a2200109Ia 4500
008 190911s9999||||xx |||||||||||||| ||und||
100 _aZahida Tasneem
245 0 _aKhuawab Ankhoun Main
260 _aKarachi
_bRoyal Book
_c1998
300 _a160
942 _cBK
999 _c6820
_d6820